| 000 | 00381nam a22001457a 4500 | ||
|---|---|---|---|
| 999 |
_c510311 _d510311 |
||
| 008 | 190811b ||||| |||| 00| 0 eng d | ||
| 100 |
_aHughes, Melanie et al _98079 |
||
| 245 | _aGlobal gender quota adoption, implementation and reform | ||
| 260 | _c2019 | ||
| 300 | _ap.219-238. | ||
| 650 |
_aGender _98080 |
||
| 773 | _aComparative Politics | ||
| 906 | _aWomen | ||
| 942 | _cAR | ||